Kỹ thuật nuôi chó mèo và phòng trị bệnh thường gặp

Tallennettuna:
Bibliografiset tiedot
Päätekijä: Tô, Du
Aineistotyyppi: Kirja
Kieli:Undetermined
Julkaistu: Hà Nội Lao động - Xã hội 2006
Aiheet:
Tagit: Lisää tagi
Ei tageja, Lisää ensimmäinen tagi!
Thư viện lưu trữ: Trung tâm Học liệu Trường Đại học Cần Thơ
LEADER 00558nam a2200193Ia 4500
001 CTU_122018
008 210402s9999 xx 000 0 und d
020 |c 16000 
082 |a 636.7 
082 |b D500 
100 |a Tô, Du 
245 0 |a Kỹ thuật nuôi chó mèo và phòng trị bệnh thường gặp 
245 0 |c Tô Du ; Xuân Giao 
260 |a Hà Nội 
260 |b Lao động - Xã hội 
260 |c 2006 
650 |a Cats,Dogs 
904 |i Nguyên 
980 |a Trung tâm Học liệu Trường Đại học Cần Thơ